00850nam a22001697a 4500003000900000005001700009008004100026040001300067100003300080245008800113260008200201300004000283500011100323650005200434651003000486856016400516BR-ViAPE20260603114026.0260603s1905 por gs|||| 000 0 por d cBR-ViAPE aCosta, Veríssimo José da aViagens pelos rios navegáveis do estado do Espírito Santo: bviagem ao Rio Doce a[Rio de Janeiro?]bRevista da Sociedade de Geographia do Rio de Janeiroc1905 a46 p.bDocumento digitalizado (PDF) aDocumento digitalizado do acervo institucional do Arquivo Público do Estado do Espírito Santo - APEES. aHistóriaxRio DocezEspírito Santo (Estado) aEspírito Santo (Brasil) uhttps://ape.es.gov.br/Media/ape/PDF/Livros/Livros_Historicos/Obras_raras/1900_a_1910/APEES_OR_viagens_pelos_rios_1905.pdfyCLIQUE AQUI PARA ACESSAR O DOCUMENTO